| 000 | 00562nam a22001697a 4500 | ||
|---|---|---|---|
| 005 | 20231127072548.0 | ||
| 008 | 231127b |||||||| |||| 00| 0 eng d | ||
| 020 | _a9991673652 | ||
| 041 | _aEnglish | ||
| 082 | _a340.5 BRU | ||
| 100 |
_aBruhns, P and Hinz MO _lEnglish |
||
| 245 |
_aThe Role of Traditional Authority in a Changing Namibia / _cP Bruhns and MO Hinz |
||
| 260 |
_aWindhoek : _bCentre for Applied Social Sciences, _c1996 |
||
| 300 |
_b129 pages ; _c30,3 cm. |
||
| 650 |
_aLegal practice _bLaw |
||
| 942 |
_cBK _6ALISON_BN_VRIES |
||
| 999 |
_c962 _d962 |
||